Produkcia bioplynu z kukuričnej slamy po jej predspracovaní
Gespeichert in:
| 1. Verfasser: | |
|---|---|
| Weitere Verfasser: | |
| Format: | Manuskript Buch |
| Sprache: | Slowakisch |
| Veröffentlicht: |
2018
|
| Schlagworte: | |
| Online-Zugang: | http://is.stuba.sk/zp/portal_zp.pl?podrobnosti=136287 |
| Tags: |
Keine Tags, Fügen Sie das erste Tag hinzu!
|
MARC
| LEADER | 00000ntm a22000003a 4500 | ||
|---|---|---|---|
| 001 | stuzp69831 | ||
| 003 | SK-STU | ||
| 005 | 20180602211348.4 | ||
| 007 | ta | ||
| 008 | 150427s2015----xo-----f-mn---000-0-slo-d | ||
| 040 | |a STU |b slo | ||
| 041 | 0 | |a slo | |
| 100 | 1 | |a Jancsárová, Viola |u 046290 |4 aut |U FCHPT Ústav chemického a environmentálneho inžinierstva |T FCHPT Oddelenie environmentálneho inžinierstva |X 61036 |U C6290 |Y 120 |7 61036 | |
| 242 | 0 | 1 | |a Production of biogas from maize straw after pre-processing |y eng |
| 245 | 1 | 0 | |a Produkcia bioplynu z kukuričnej slamy po jej predspracovaní |
| 260 | |c 2018 | ||
| 650 | 4 | |a bioplyn |2 slo | |
| 650 | 4 | |a lignocelulózové materiály |2 slo | |
| 650 | 4 | |a predúprava |2 slo | |
| 650 | 4 | |a kukuričný odpad |2 slo | |
| 650 | 4 | |a hydroxid sodný |2 slo | |
| 650 | 4 | |a biogas |2 eng | |
| 650 | 4 | |a lignocelulocis waste |2 eng | |
| 650 | 4 | |a pre-treatment |2 eng | |
| 650 | 4 | |a corn stover |2 eng | |
| 650 | 4 | |a sodium hydroxide |2 eng | |
| 700 | 1 | |a Hutňan, Miroslav |u 046290 |k Z1 |4 ths |U FCHPT Ústav chemického a environmentálneho inžinierstva |T FCHPT Oddelenie environmentálneho inžinierstva |X 3355 |U C6290 |Y 120 |7 A000003355 | |
| 856 | 4 | |u http://is.stuba.sk/zp/portal_zp.pl?podrobnosti=136287 | |